000 00701nam a2200253 i 4500
001 C2-0242507
003 PPAK
005 20180727204504.0
008 021001s2000 enka|||| ||||| | eng d
020 _a0746034059
040 _aPPAK
_beng
_cPPAK
_erda
082 0 4 _a551.03
_223
090 0 0 _a551.03
_bCLA
_dR
100 1 _aClaybourne, Anna,
_eauthor
245 1 4 _aThe Usborne encyclopedia of planet earth
264 1 _aLondon :
_bUsborne ,
_c2000
300 _a160 pages :
_bcolour illustrations ;
_c28 cm
336 _2rdacontent
_atext
337 _2rdamedia
_aunmediated
338 _2rdacarrier
_avolume
650 1 0 _aEarth sciences - Encyclopedias
700 _eauthor
942 _ddc
_cB
999 _c57254
_d57254